书目信息 |
| 题名: |
中国企业行为的经济分析
|
|
| 作者: | 周扬明 著 | |
| 分册: | ||
| 出版信息: | 北京 经济管理出版社 2002 |
|
| 页数: | 227页 | |
| 开本: | 21cm | |
| 丛书名: | 中国企业走向国际市场研究丛书 | |
| 单 册: | ||
| 中图分类: | F275.5 | |
| 科图分类: | ||
| 主题词: | 企业--经济活动分析 , 企业 , 经济活动分析 | |
| 电子资源: | ||
| ISBN: | 7-80162-558-7 | |
| 000 | 00929oam2 2200277 450 | |
| 001 | 012007166672 | |
| 005 | 20070605141934.79 | |
| 010 | @a7-80162-558-7@dCNY25.00 | |
| 100 | @a20070601d2002 km y0chiy0120 ea | |
| 101 | 0 | @achi |
| 102 | @aCN@b110000 | |
| 105 | @ay z 000yy | |
| 106 | @ar | |
| 200 | 1 | @a中国企业行为的经济分析@Azhong guo qi ye xing wei de jing ji fen xi@f周扬明等著@Fzhou yang ming deng zhu |
| 210 | @a北京@c经济管理出版社@d2002 | |
| 215 | @a227页@d21cm | |
| 225 | 2 | @a中国企业走向国际市场研究丛书 |
| 330 | @a本书通过市场经济国家中的企业行为概述、中国企业行为状态透视等11章内容,分析研究了中国企业行为的过去轨迹、现实状态和未来走向。 | |
| 461 | 0 | @12001 @a中国企业走向国际市场研究丛书 |
| 606 | 0 | @a企业@x经济活动分析 |
| 606 | 0 | @a企业 |
| 606 | 0 | @a经济活动分析 |
| 690 | @aF275.5@v4 | |
| 701 | 0 | @a周扬明@Azhou yang ming@f(1943~)@4著 |
| 801 | 0 | @aCN@bRULIN@c20070605 |
| 905 | @dF275.5@e560@s8 | |
| 中国企业行为的经济分析/周扬明等著.-北京:经济管理出版社,2002 |
| 227页;21cm.-(中国企业走向国际市场研究丛书) |
| ISBN 7-80162-558-7:CNY25.00 |
| 本书通过市场经济国家中的企业行为概述、中国企业行为状态透视等11章内容,分析研究了中国企业行为的过去轨迹、现实状态和未来走向。 |
| ● |
| 相关链接 |
|
|
|
|
正题名:中国企业行为的经济分析
索取号:F275.5/560
 
预约/预借
| 序号 | 登录号 | 条形码 | 馆藏地/架位号 | 状态 | 备注 |
| 1 | 0581965 | 205819658 | 第一样本阅览室/ [索取号:F275.5/560] | 在馆 | |
| 2 | 0581966 | 205819667 | 第一借阅区/ [索取号:F275.5/560] | 在馆 | |
| 3 | 0581967 | 205819676 | 第一借阅区/ [索取号:F275.5/560] | 在馆 | |
| 4 | 0581968 | 205819685 | 第一借阅区/ [索取号:F275.5/560] | 在馆 | |
| 5 | 0581969 | 205819694 | 密集书库/ [索取号:F275.5/560] | 在馆 | |
| 6 | 0581970 | 205819701 | 第一借阅区/ [索取号:F275.5/560] | 在馆 | |
| 7 | 0581971 | 205819710 | 密集书库/ [索取号:F275.5/560] | 在馆 | |
| 8 | 0581972 | 205819729 | 密集书库/ [索取号:F275.5/560] | 在馆 |